[Event "Chioggia op-B 12th"]
[Site "Chioggia"]
[Date "2017.10.08"]
[Round "4"]
[White "Bighin, Marco"]
[Black "Biasiolo, Michele"]
[Result "1-0"]
[WhiteElo "1578"]
[BlackElo "1366"]
[PlyCount "149"]
[EventDate "2017.10.06"]
[EventType "swiss"]
[EventRounds "5"]
[EventCountry "ITA"]
[SourceTitle "EXT 2022"]
[Source "ChessBase"]
[SourceDate "2021.10.06"]
[SourceVersion "1"]
[SourceVersionDate "2021.10.06"]
[SourceQuality "1"]

1. e4 e5 2. f4 d6 3. Nf3 Nc6 4. Bc4 h6 5. Nc3 Nf6 6. f5 b6 7. d3 Na5 8. Bb5+ Bd7 9. b4 Nc6 10. a3 a5 11. bxa5 Nxa5 12. Bd2 Be7 13. 0-0 Nb7 14. Bc4 c6 15. Qe2 Nh7 16. d4 exd4 17. Nxd4 0-0 18. Qg4 Bg5 19. Bxg5 Qxg5 20. Qe2 Nc5 21. Nf3 Qf6 22. Qd2 Rad8 23. Rad1 Bc8 24. h3 Ba6 25. Bxa6 Nxa6 26. Nd4 Rc8 27. Na4 b5 28. Nc3 Rfd8 29. Qe3 Qe5 30. Nf3 Qc5 31. Nd4 b4 32. Na4 Qa5 33. Qb3 c5 34. axb4 cxb4 35. Ra1 Nc5 36. Nxc5 Qxc5 37. Rfd1 Ng5 38. Qd3 Ra8 39. h4 Nh7 40. Kh1 Rxa1 41. Rxa1 Nf6 42. Nb3 Qf2 43. Nd2 Qxh4+ 44. Kg1 Ng4 45. Nf1 Qf2+ 46. Kh1 h5 47. Ra6 h4 48. Qf3 Qe1 49. Ra5 Ne3 50. Qxe3 Qxf1+ 51. Kh2 Qc4 52. f6 gxf6 53. Rg5+ Kf8 54. Rh5 Ke7 55. Qf2 Qxe4 56. Rxh4 Qe5+ 57. Kh1 Ra8 58. g3 Ra1+ 59. Kh2 Qd5 60. Qe2+ Kd7 61. Re4 Rd1 62. Re7+ Kc6 63. Qa6+ Kc5 64. Qa7+ Kb5 65. Rb7+ Kc4 66. Rc7+ Kb5 67. Qb8+ Ka4 68. Ra7+ Qa5 69. Qe8+ Ka3 70. Rxa5+ Kb2 71. Qe3 d5 72. Qb3+ Kc1 73. Ra1+ Kd2 74. Qxb4+ Ke2 75. Qg4+ 1-0

[Event "Chioggia op-B 12th"]
[Site "Chioggia"]
[Date "2017.10.08"]
[Round "5"]
[White "Loris, Stefano"]
[Black "Bighin, Marco"]
[Result "1/2-1/2"]
[WhiteElo "1676"]
[BlackElo "1578"]
[PlyCount "63"]
[EventDate "2017.10.06"]
[EventType "swiss"]
[EventRounds "5"]
[EventCountry "ITA"]
[SourceTitle "EXT 2022"]
[Source "ChessBase"]
[SourceDate "2021.10.06"]
[SourceVersion "1"]
[SourceVersionDate "2021.10.06"]
[SourceQuality "1"]

1. d4 Nf6 2. c4 c5 3. Nf3 cxd4 4. Nxd4 Nc6 5. g3 g6 6. Bg2 Bg7 7. 0-0 0-0 8. e3 Nxd4 9. exd4 d5 10. c5 Bg4 11. Qb3 Qd7 12. Nc3 Bh3 13. Re1 Bxg2 14. Kxg2 Rfe8 15. Bf4 a6 16. Na4 Nh5 17. Be3 Qb5 18. Nb6 Qxb3 19. axb3 Rad8 20. Rec1 e5 21. Ra4 exd4 22. Bxd4 Bxd4 23. Rxd4 Re2 24. Nxd5 Kg7 25. Rcd1 Rxb2 26. b4 Re8 27. Ne3 Nf6 28. Kf3 Rb3 29. R1d2 h5 30. Kg2 Re4 31. Rxe4 Nxe4 32. Rd4 1/2-1/2

[Event "Chioggia op-B 10th"]
[Site "Chioggia"]
[Date "2015.10.09"]
[Round "1"]
[White "Bighin, Marco"]
[Black "Camana, Filippo"]
[Result "0-1"]
[WhiteElo "1540"]
[BlackElo "1758"]
[PlyCount "67"]
[EventDate "2015.10.09"]
[EventType "swiss"]
[EventRounds "5"]
[EventCountry "ITA"]
[SourceTitle "EXT 2022"]
[Source "ChessBase"]
[SourceDate "2021.10.06"]
[SourceVersion "1"]
[SourceVersionDate "2021.10.06"]
[SourceQuality "1"]

1. e4 c5 2. d4 cxd4 3. Nf3 d6 4. Nxd4 a6 5. Nc3 e6 6. Be2 Nf6 7. Bf3 Be7 8. Be3 0-0 9. Qd2 Qc7 10. h4 Nbd7 11. h5 Ne5 12. Be2 b5 13. a3 Bb7 14. f3 Rac8 15. g4 Rfd8 16. g5 Nfd7 17. g6 Nc4 18. Bxc4 Qxc4 19. gxh7+ Kxh7 20. Qh2 Ne5 21. h6 g6 22. Qh3 Bf6 23. 0-0-0 Nc6 24. Nde2 b4 25. axb4 Nxb4 26. Kb1 Nxc2 27. Kxc2 Qxe2+ 28. Bd2 d5 29. Rhe1 Qc4 30. exd5 Bxd5 31. Rf1 Qb3+ 32. Kb1 Rxc3 33. Bxc3 Bxc3 34. Qg2 0-1